[Event "Desquitese"]
[Site "http://www.queenalice.com/game.php?id=591457"]
[Date "2009.5.20"]
[Round "-"]
[White "Denny"]
[Black "Thai"]
[Result "0-1"]
[WhiteElo "1383"]
[BlackElo "1465"]

1. Nc3 Nf6 2. e4 c6 3. e5 Ng4 4. Qxg4 d6 5. Bc4 Bxg4 6. f3 Bf5 7. d3 dxe5 8. Be3
Qa5 9. g4 Be6 10. b4 Qa3 11. Bc1 Qxc3+ 12. Bd2 Qxa1+ 13. Ke2 Bxc4 14. dxc4 Na6
15. Kd3 Rd8+ 0-1

[Event "Challenge"]
[Site "http://www.queenalice.com/game.php?id=591579"]
[Date "2009.5.21"]
[Round "-"]
[White "alfonso"]
[Black "Thai"]
[Result "0-1"]
[WhiteElo "1486"]
[BlackElo "1445"]

1. e4 Nf6 2. d3 c6 3. e5 Nd5 4. Qf3 Qa5+ 5. Bd2 Qb5 6. Na3 Qxb2 7. Rb1 Qxa3 8.
c4 Qxa2 9. Rd1 Nb6 10. Qh5 g6 11. Qg5 Qa3 12. Nf3 Qc5 13. Be2 f6 14. Qe3 Qxe3
15. Bxe3 Na4 16. Rc1 fxe5 17. Nxe5 Bg7 18. Nf3 Bc3+ 19. Kd1 Bb2 20. Rc2 b6 21.
d4 Ba6 22. Bf4 d6 23. Ng5 O-O 24. Ne6 Rf7 25. g3 Bc8 26. Nc7 Nc3+ 27. Kd2 Ne4+
28. Ke3 Nc3 29. Bf3 e5 30. Nxa8 exf4+ 31. gxf4 Re7+ 32. Kd3 Na4 33. Rd2 Bf5+ 34.
Be4 Bxe4+ 35. Ke2 Bxh1+ 36. Kf1 Bc3 37. Rd1 Bf3 38. Ra1 Bxa1 39. h4 Bc3 40. h5
Re1# 0-1

[Event "Challenge"]
[Site "http://www.queenalice.com/game.php?id=592071"]
[Date "2009.5.22"]
[Round "-"]
[White "Thai"]
[Black "Denny"]
[Result "0-1"]
[WhiteElo "1485"]
[BlackElo "1381"]

1. Nf3 c5 2. e3 Nc6 3. Ng5 e5 4. h4 h6 5. Ne4 d5 6. Ng3 Nf6 7. Bb5 Qd7 8. d4
cxd4 9. exd4 a6 10. Ba4 b5 11. Bb3 Bb4+ 12. c3 Bc5 13. dxc5 a5 14. O-O a4 15.
Bc2 g6 16. Na3 Qb7 17. Qd2 Ng4 18. Rd1 O-O 19. Qxd5 Be6 20. Qd6 Rfd8 21. f3 Rxd6
22. cxd6 Qa7+ 23. Kf1 Nh2+ 24. Ke1 Nxf3+ 25. gxf3 e4 26. Nxe4 Kg7 27. Nxb5 Qg1+
28. Kd2 Qh2+ 29. Kd3 Ne5+ 30. Ke3 Qxh4 31. Nc7 Rc8 32. Nxe6+ fxe6 33. Bxa4 Nc4+
34. Ke2 Qh2+ 35. Nf2 Qe5+ 36. Kf1 Rf8 37. d7 Ne3+ 38. Bxe3 Qxe3 39. d8=Q Rxd8
40. Rxd8 Qb6 41. Rad1 Kf6 42. Ng4+ Kg5 43. Bc2 Kf4 44. Rf8+ Kg3 45. Rd2 h5 46.
Rg2+ Kh3 47. Rh2+ Kg3 48. Rf6 Qb5+ 49. Ke1 hxg4 50. Rf2 Qe5+ 51. Be4 Qxf6 52. c4
Qf4 53. c5 Qc1+ 54. Ke2 Qxb2+ 55. Kd1 Qxf2 56. c6 Qd4+ 57. Ke2 Qc4+ 58. Ke3 Qc5+
59. Ke2 Qc4+ 60. Kd2 gxf3 61. a3 Qxe4 62. c7 Qc4 63. a4 Qxc7 64. a5 Qxa5+ 65.
Kc2 f2 66. Kd3 f1=Q+ 67. Ke4 g5 68. Ke3 Qg1+ 69. Ke4 g4 70. Kd3 Kh3 71. Ke4 g3
72. Kf4 g2 73. Ke4 Qge1+ 74. Kf4 g1=Q 75. Kf3 Qf5# 0-1

[Event "Inicio"]
[Site "http://www.queenalice.com/game.php?id=592282"]
[Date "2009.5.22"]
[Round "-"]
[White "Nabuck"]
[Black "Thai"]
[Result "1-0"]
[WhiteElo "1168"]
[BlackElo "1463"]

1. e4 Nf6 2. Nc3 d6 3. Nh3 e6 4. Nf4 e5 5. Nh3 Ng4 6. Ng5 Qf6 7. Nh3 d5 8. Nxd5
Qg6 9. Nxc7+ Kd8 10. f3 Kxc7 11. fxg4 Qxg4 12. Nf2 Qxd1+ 13. Nxd1 Nc6 14. Nc3
Nb4 15. Bd3 Bc5 16. Nd5+ Nxd5 17. exd5 Re8 18. Be4 f5 19. Bd3 e4 20. Bb5 Re5 21.
d4 Rxd5 22. dxc5 Rxc5 23. Ba4 b5 24. Bb3 Bd7 25. Bf4+ Kb7 26. O-O-O Re8 27.
Rxd7+ Kc8 28. Rhd1 e3 29. Bf7 Rf8 30. Bh5 g6 31. Bf3 Rc4 32. Bb7# 1-0

[Event "Challenge"]
[Site "http://www.queenalice.com/game.php?id=592453"]
[Date "2009.5.22"]
[Round "-"]
[White "Thai"]
[Black "Popeye"]
[Result "1-0"]
[WhiteElo "1463"]
[BlackElo "1623"]

1. e4 e5 2. Qf3 Nf6 3. Bc4 d6 4. Na3 a6 5. d3 Bg4 6. Qg3 h5 7. f3 h4 8. Qf2 Bd7
9. f4 b5 10. Bd5 Nxd5 11. exd5 c6 12. fxe5 dxe5 13. dxc6 Bxc6 14. Nh3 Be7 15.
O-O g5 16. Nxg5 Bxg5 17. Qxf7# 1-0

[Event "Los duros de MP"]
[Site "http://www.queenalice.com/game.php?id=594759"]
[Date "2009.5.28"]
[Round "1"]
[White "Thai"]
[Black "Nabuck"]
[Result "0-1"]
[WhiteElo "1463"]
[BlackElo "1404"]

1. d4 Nf6 2. Nf3 d6 3. Na3 b6 4. c3 c5 5. Qb3 Ne4 6. Ng5 e6 7. d5 Qf6 8. dxe6
fxe6 9. Nxe4 Qf5 10. f3 d5 11. Ng5 Nc6 12. Qb5 Bd7 13. g4 Qf6 14. Bg2 d4 15. f4
e5 16. Bxc6 Bxc6 17. Qc4 Bxh1 18. Nb5 O-O-O 19. Nxa7+ Kb8 20. Qa4 dxc3 21. fxe5
Qxe5 22. Nf7 Qd4 23. Nxd8 Qxa4 24. Bf4+ Qxf4 25. bxc3 Bd6 26. Rd1 Rxd8 27. e3
Qxe3+ 28. Kf1 Rf8# 0-1

[Event "Challenge"]
[Site "http://www.queenalice.com/game.php?id=594788"]
[Date "2009.5.28"]
[Round "-"]
[White "Thai"]
[Black "heyepabe2"]
[Result "1/2-1/2"]
[WhiteElo "1463"]
[BlackElo "1500"]

1. e3 g6 2. Qf3 Nc6 3. Bc4 Ne5 4. Qf4 d6 5. Bb5+ c6 6. Ba4 g5 7. Qxg5 Bh6 8. Qg3
Qa5 9. b3 b5 10. b4 Qxa4 11. Nc3 Qxc2 12. f4 Nd3+ 13. Kf1 Nxc1 14. Nf3 Nf6 15.
Nd4 Qd3+ 16. Kf2 Qxd2+ 17. Nde2 Rg8 18. Qf3 Bg4 19. Qxc6+ Kf8 20. Qxa8+ Kg7 21.
Qxa7 Ne4+ 22. Nxe4 Nd3+ 23. Kg3 Qxe2 24. Rhe1 Nxe1 25. Rxe1 Qxe1+ 26. Kxg4 Kh8+
27. Kf5 e6+ 28. Kf6 Qh4+ 29. Kxf7 Rg7+ 30. Kxe6 Rxa7 31. Nxd6 Ra6 32. g3 Qd8 33.
Kf5 Qxd6 34. h4 Qd3+ 35. Kg4 Qxe3 36. a3 Rxa3 37. Kh5 Ra6 38. f5 Qxg3 39. f6
Rxf6 1/2-1/2

[Event "Challenge"]
[Site "http://www.queenalice.com/game.php?id=595005"]
[Date "2009.5.28"]
[Round "-"]
[White "Thai"]
[Black "holeripla"]
[Result "1-0"]
[WhiteElo "1465"]
[BlackElo "1277"]

1. Nf3 d6 2. e3 Nf6 3. Nh4 Be6 4. g3 Qd7 5. Bg2 Na6 6. O-O d5 7. Nc3 O-O-O 8.
Nf3 g6 9. Ng5 Rg8 10. b3 h6 11. Nf3 Nb4 12. Ba3 Nc6 13. Na4 d4 14. Nc5 Qd6 15.
Nxd4 Qe5 16. Ncxe6 fxe6 17. Bxc6 b6 18. Rb1 g5 19. Ba4 h5 20. b4 h4 21. Bb3 Ne4
22. Bxe6+ Kb7 23. Bxg8 Bh6 24. Ne6 Rxg8 25. Nd4 Qd6 26. f3 hxg3 27. fxe4 gxh2+
28. Kh1 Qg3 29. Nf3 Bg7 30. d4 e5 31. Qd2 g4 32. Nxh2 Rh8 33. Rf2 exd4 34. Rg2
Qh3 35. exd4 Rf8 36. Rb3 Rf1+ 37. Rg1 Bh6 38. Rxh3 Bxd2 39. Rxf1 gxh3 40. Nf3
Bf4 41. Ng1 Be3 42. Nxh3 Bxd4 43. Re1 c6 44. e5 Kc7 45. e6 Bf6 46. e7 Bxe7 47.
Rxe7+ Kd6 48. b5+ c5 49. Rxa7 Kd5 50. Nf4+ Kc4 51. Bc1 Kxb5 52. Bd2 c4 53. Rb7
Kc6 54. Re7 Kc5 55. Be3+ Kb4 56. Bxb6 c3 57. Nd3+ Ka3 58. Ra7# 1-0

[Event "Otra vez"]
[Site "http://www.queenalice.com/game.php?id=598141"]
[Date "2009.6.3"]
[Round "-"]
[White "Thai"]
[Black "Nabuck"]
[Result "0-1"]
[WhiteElo "1464"]
[BlackElo "1417"]

1. Nh3 e5 2. c3 Qf6 3. d3 d5 4. f3 e4 5. fxe4 dxe4 6. dxe4 Bc5 7. Qc2 Bxh3 8.
gxh3 Nc6 9. Qa4 O-O-O 10. Bd2 Qf2+ 11. Kd1 Nf6 12. e3 Nxe4 13. Qxe4 Rd6 14. Bd3
Rhd8 15. Na3 Rxd3 16. Nc4 Rxd2+ 17. Kc1 Re2 18. Rd1 Na5 19. Nxa5 Bxe3+ 20. Kb1
Rxb2# 0-1

[Event "OTRA VEZ"]
[Site "http://www.queenalice.com/game.php?id=598218"]
[Date "2009.6.4"]
[Round "-"]
[White "Thai"]
[Black "Denny"]
[Result "0-1"]
[WhiteElo "1464"]
[BlackElo "1368"]

1. Nh3 d5 2. e3 e5 3. Qf3 Nf6 4. Qe2 Bc5 5. Nc3 Bf5 6. Qf3 e4 7. Qxf5 g6 8. Qe5+
Qe7 9. Qxe7+ Kxe7 10. Ng5 Rf8 11. Nb5 Kd7 12. g3 Nc6 13. Bh3+ Ke7 14. Bg2 a6 15.
Nc3 h6 16. Nh3 Ke6 17. Nf4+ Kf5 18. Bh3+ Ke5 19. b3 g5 20. d4+ Nxd4 21. exd4+
Bxd4 22. Bd2 gxf4 23. gxf4+ Kd6 24. O-O-O Ke7 25. Na4 Rfd8 26. Bb4+ c5 27. Bxc5+
Bxc5 28. Nxc5 b6 29. Na4 Rd6 30. Rhe1 Ra7 31. f5 Rc7 32. c3 Rdc6 33. Kb1 b5 34.
Nb2 Rxc3 35. Rc1 Rxc1+ 36. Rxc1 Rxc1+ 37. Kxc1 a5 38. Bf1 b4 39. h3 Kd6 40. Na4
Ke5 41. h4 Kxf5 42. Bh3+ Kf4 43. Kd1 e3 44. fxe3+ Kxe3 45. Nc5 Kd4 46. Nb7 Ne4
47. Bg2 Nc3+ 48. Ke1 Nxa2 49. Nd8 Kc3 50. Nxf7 Kxb3 51. Nxh6 a4 52. Bxd5+ Kb2
53. h5 Nc3 54. Be6 b3 55. Nf5 Kc2 56. h6 b2 57. h7 b1=Q+ 58. Kf2 Qh1 59. Bd5
Nxd5 60. h8=Q Qxh8 61. Ne3+ Nxe3 62. Kxe3 a3 63. Ke4 a2 64. Kf3 a1=Q 65. Ke3
Qa3+ 66. Kf2 Qh4+ 67. Ke2 Qe4+ 68. Kf1 Qaf3+ 69. Kg1 Qg2# 0-1

[Event "Challenge"]
[Site "http://www.queenalice.com/game.php?id=598296"]
[Date "2009.6.4"]
[Round "-"]
[White "holeripla"]
[Black "Thai"]
[Result "1/2-1/2"]
[WhiteElo "1309"]
[BlackElo "1463"]

1. Nc3 Nh6 2. e3 d6 3. Bd3 e5 4. Nf3 Nc6 5. Qe2 Nb4 6. a3 Nc6 7. b4 g6 8. b5 Na5
9. O-O Bg7 10. Ng5 Qxg5 11. h3 b6 12. Qf3 Bb7 13. Nd5 Bxd5 14. Qxd5 O-O 15. Bb2
c6 16. Qxd6 Rad8 17. Qc7 e4 18. Bxg7 Kxg7 19. Bxe4 Nc4 20. bxc6 Nxd2 21. Rfd1
Nxe4 22. f3 Nc3 23. Re1 Nd5 24. Qxa7 Nxe3 25. Qxb6 Nxc2 26. c7 Ne3 27. Re2 Rc8
28. Rxe3 Nf5 29. Re2 Rfe8 30. Rae1 Re6 31. Qb7 Nd6 32. Rxe6 Nxb7 33. Re8 Rxc7
34. g3 Rc2 35. R1e2 Qc5+ 36. Kg2 Qb5 37. Rxc2 Qxe8 38. h4 Qa4 39. Rc3 Qa5 40.
Rb3 Nc5 41. Re3 Qd2+ 42. Kh3 Qxe3 43. f4 Qxa3 44. Kg4 Ne4 45. f5 Nxg3 46. h5
Nxf5 47. hxg6 fxg6 48. Kf4 Qc3 49. Ke4 Kf7 50. Kd5 Ne7+ 51. Ke4 Kf6 52. Kf4 h5
53. Ke4 g5 1/2-1/2

[Event "Los duros de MP"]
[Site "http://www.queenalice.com/game.php?id=598973"]
[Date "2009.6.5"]
[Round "3"]
[White "Thai"]
[Black "Denny"]
[Result "0-1"]
[WhiteElo "1475"]
[BlackElo "1375"]

1. Nh3 d5 2. Na3 Nc6 3. b3 e5 4. Bb2 Bd6 5. d3 Nf6 6. Qd2 O-O 7. O-O-O Bb4 8. c3
Be7 9. d4 Bf5 10. dxe5 Nxe5 11. c4 Qd6 12. cxd5 Qc5+ 13. Qc3 Qd6 14. Nf4 g5 15.
Nh3 g4 16. Nf4 Ne4 17. Qxe5 Qxe5 18. Bxe5 Bxa3+ 19. Kb1 Rfe8 20. Rd4 Nc3+ 21.
Ka1 Rxe5 22. e3 Re4 23. Rxe4 Bxe4 24. Ne2 Nxd5 25. Nd4 Nc3 26. Bc4 Rf8 27. Rf1
Bxg2 28. Re1 Ne4 29. Rg1 Bf3 30. Nc2 Bc5 31. Ne1 Bd1 32. Nd3 Ba3 33. Rxd1 c6 34.
Ne5 Ng5 35. Rd7 Nf3 36. Bxf7+ Kg7 37. Be6+ Kf6 38. Rf7+ Rxf7 39. Bxf7 Nxe5 40.
f4 Nxf7 41. e4 Ke7 42. e5 Nh6 43. Kb1 Nf5 44. Kc2 Nd4+ 45. Kc3 Nb5+ 46. Kc2 Nd4+
47. Kd2 Bb4+ 48. Kd3 Nf3 49. Kc4 Be1 50. f5 Nxe5+ 51. Kd4 Nf3+ 52. Ke4 Nxh2 53.
Ke5 g3 54. f6+ Kf7 55. a3 g2 56. b4 g1=Q 57. b5 cxb5 58. Ke4 Kxf6 59. Kd3 Qg3+
60. Kd4 Qxa3 61. Ke4 b4 62. Kd4 b3 0-1

[Event "Challenge"]
[Site "http://www.queenalice.com/game.php?id=600701"]
[Date "2009.6.9"]
[Round "-"]
[White "Laurea"]
[Black "Thai"]
[Result "1-0"]
[WhiteElo "1464"]
[BlackElo "1443"]

1. e4 e5 2. Nf3 Qf6 3. Bc4 Nc6 4. d3 g5 5. Bxg5 Qg6 6. Nc3 Bc5 7. Nd5 Kf8 8.
Nxc7 Rb8 9. O-O Bb6 10. Nb5 d6 11. h3 f5 12. exf5 Bxf5 13. Re1 h6 14. Bd2 Rh7
15. Nxd6 Rg7 16. Nh4 1-0

[Event "Challenge"]
[Site "http://www.queenalice.com/game.php?id=601523"]
[Date "2009.6.10"]
[Round "-"]
[White "domino429"]
[Black "Thai"]
[Result "1-0"]
[WhiteElo "1674"]
[BlackElo "1475"]

1. e4 e6 2. d4 d6 3. f4 Na6 4. Bxa6 bxa6 5. d5 e5 6. Nf3 exf4 7. Bxf4 Bg4 8. O-O
Nf6 9. Qd3 Nh5 10. Be3 Be7 11. Qxa6 Nf6 12. Nc3 Bh5 13. Qc6+ Kf8 14. Nb5 1-0

[Event "Mesa 2"]
[Site "http://www.queenalice.com/game.php?id=605813"]
[Date "2009.6.19"]
[Round "2"]
[White "Undertaker"]
[Black "Thai"]
[Result "1-0"]
[WhiteElo "1965"]
[BlackElo "1477"]

1. e4 e5 2. Nf3 d6 3. h3 Nf6 4. Bc4 Nc6 5. Ng5 Qd7 6. Nxf7 Rg8 7. Ng5 d5 8. exd5
Bc5 9. dxc6 Qd4 10. Bf7+ Kf8 11. Qf3 Rh8 12. O-O e4 13. Qf4 h6 14. cxb7 hxg5 15.
Qxc7 Bxb7 16. Qxb7 Rd8 17. Be6 Bd6 18. Qf7# 1-0